000 00262nam a22001217a 4500
008 170606b xxu||||| |||| 00| 0 eng d
041 _aeng
080 _a94(4)
100 _a18
101 _aSHH
245 _aMODERN EUROPE HISTORY
_cPIPES.R
942 _2udc
_cBK
999 _c16017
_d16017